000
00277nam a22001217a 4500
040
_c
SY
082
_a
631
100
_a
ឃុន គីមឃុយ
245
_a
វិទ្យាសាស្រ្តដី
260
_a
RUA
_b
ឃុន
_c
2012
300
_a
71p.
942
_c
KB
999
_c
9791
_d
9791